| 000 | 03527cam a2200493 i 4500 | ||
|---|---|---|---|
| 999 |
_c1115 _d1115 |
||
| 001 | .b61259093 | ||
| 003 | OCoLC | ||
| 005 | 20211008103811.0 | ||
| 008 | 170203t20172017nyu 000 j eng | ||
| 010 | _a2016058763 | ||
| 020 |
_a9780802126399 _q(hardback) |
||
| 020 |
_a0802126391 _q(hardback) |
||
| 024 | 8 | _a40026860052 | |
| 035 |
_a(OCoLC)951955956 _z(OCoLC)960699069 _z(OCoLC)969433261 _z(OCoLC)969433301 _z(OCoLC)979496655 _z(OCoLC)982706748 _z(OCoLC)1002165972 |
||
| 040 |
_aDLC _beng _erda _cDLC _dBTCTA _dYDXCP _dBDX _dILC _dWIS _dIHE _dPCX _dIGA _dOJ4 _dUAB _dIJC _dCZA _dYDX _dVP@ _dTXMAL _dOCLCO _dOSU _dYUS _dRB0 _dCUY _dOCL _dOCLCQ _dOCLCO _dLMR _dOCL _dMVD _dSFR _dCHILD _dOCLCQ _dOCL _dGGN _dOCLCQ _dWRS _dOCLCQ _dUAT _dIPL |
||
| 042 | _anbic | ||
| 043 | _an-us--- | ||
| 082 | 0 | 0 |
_aFIC NGU _223 |
| 100 | 1 |
_aNguyen, Viet Thanh, _d1971- _eauthor. |
|
| 240 | 1 | 0 |
_aShort stories. _kSelections. |
| 245 | 1 | 4 |
_aThe refugees / _cViet Thanh Nguyen. |
| 250 | _aFirst Grove Atlantic hardcover edition. | ||
| 264 | 1 |
_aNew York : _bGrove Press, _c2017. |
|
| 264 | 4 | _c©2017. | |
| 300 |
_avii, 209 pages ; _c22 cm. |
||
| 336 |
_atext _btxt _2rdacontent. |
||
| 337 |
_aunmediated _bn _2rdamedia. |
||
| 338 |
_avolume _bnc _2rdacarrier. |
||
| 505 | 0 | 0 |
_tBlack-eyed women -- _tThe other man -- _tWar years -- _tThe transplant -- _tI'd love you to want me -- _tThe Americans -- _tSomeone else besides you -- _tFatherland. |
| 520 |
_a"Viet Thanh Nguyen's The Sympathizer was one of the most widely and highly praised novels of 2015, the winner not only of the 2016 Pulitzer Prize for Fiction, but also the Center for Fiction Debut Novel Prize, the Edgar Award for Best First Novel, the ALA Carnegie Medal for Fiction, the Asian/Pacific American Award for Literature, and the California Book Award for First Fiction. Nguyen's next fiction book, The Refugees, is a collection of perfectly formed stories written over a period of twenty years, exploring questions of immigration, identity, love, and family. With the coruscating gaze that informed The Sympathizer, in The Refugees Viet Thanh Nguyen gives voice to lives led between two worlds, the adopted homeland and the country of birth. From a young Vietnamese refugee who suffers profound culture shock when he comes to live with two gay men in San Francisco, to a woman whose husband is suffering from dementia and starts to confuse her for a former lover, to a girl living in Ho Chi Minh City whose older half-sister comes back from America having seemingly accomplished everything she never will, the stories are a captivating testament to the dreams and hardships of immigration. The second piece of fiction by a major new voice in American letters, The Refugees is a beautifully written and sharply observed book about the aspirations of those who leave one country for another, and the relationships and desires for self-fulfillment that define our lives"-- _cProvided by publisher. |
||
| 650 | 0 |
_aVietnamese _zUnited States _vFiction. |
|
| 650 | 0 |
_aRefugees _vFiction. |
|
| 650 | 0 |
_aImmigrants _vFiction. |
|
| 650 | 1 |
_aRefugees _vFiction. |
|
| 650 | 7 |
_aRefugees. _2fast _0(OCoLC)fst01092797. |
|
| 650 | 7 |
_aImmigrants. _2fast _0(OCoLC)fst00967712. |
|
| 650 | 7 |
_aVietnamese. _2fast _0(OCoLC)fst01166629. |
|
| 651 | 7 |
_aUnited States. _2fast _0(OCoLC)fst01204155. |
|
| 655 | 7 |
_aFiction. _2fast _0(OCoLC)fst01423787. |
|
| 655 | 7 |
_aShort stories. _2fast _0(OCoLC)fst01726740. |
|
| 700 | 1 | 2 |
_aNguyen, Viet Thanh, _d1971- _tBlack-eyed women. |
| 700 | 1 | 2 |
_aNguyen, Viet Thanh, _d1971- _tOther man. |
| 942 |
_2ddc _cFIC |
||